000
00218nam a22000977a 4500
003
OSt
008
210122b ||||| |||| 00| 0 eng d
082
_a
621.3012
_b
MAC/EL
245
_a
Electricity in the house
942
_c
BK
999
_c
16862
_d
16862